| 000 | 01572cam a22003255i 4500 | ||
|---|---|---|---|
| 999 |
_c27590 _d27561 |
||
| 001 | 016307710 | ||
| 003 | EG-ScBUE | ||
| 005 | 20190908122251.0 | ||
| 008 | 130318s2013 enk f 001 0deng d | ||
| 020 | _a9780415850599 (pbk.) | ||
| 040 |
_aStDuBDS _beng _erda _cStDuBDS _dUk _dEG-ScBUE |
||
| 082 | 0 | 4 |
_a822.33 _bBRE _222 |
| 100 | 1 |
_aBrennan, Anthony, _eauthor. |
|
| 245 | 1 | 0 |
_aShakespeare's dramatic structures / _cAnthony Brennan. |
| 264 | 1 |
_aAbingdon ; _aNew York : _bRoutledge / Taylor & Francis Group, _c2013. |
|
| 300 |
_aviii, 163 pages ; _c22 cm. |
||
| 336 |
_atext _btxt _2rdacontent |
||
| 337 |
_aunmediated _bn _2rdamedia |
||
| 338 |
_avolume _bnc _2rdacarrier |
||
| 490 | 0 |
_aRoutledge library edition. _aShakespeare. _aCritical studies ; _vIV |
|
| 500 | _aFirst published in 1986 by Routledge & Kegan Paul. | ||
| 500 | _aIncludes index. | ||
| 520 | _aFirst published in 1986. The focus of this book is the dramatic strategies of scenic repetition and character separation. The author traces the way in which Shakesperare often presents recurring gestures, dramatic interactions, and complex scenic structures at widely separated intervals in a play - thereby providing an internal system of cross-reference for an audience. He also examines the way in which Shakespeare | ||
| 600 | 1 | 7 |
_aShakespeare, William, _d1564-1616 _xTechnique. _2BUEsh |
| 600 | 1 | 7 |
_aShakespeare, William, _d1564-1616 _xCriticism and interpretation. _2BUEsh |
| 650 | 7 |
_aDrama _xTechnique. _2BUEsh _939765 |
|
| 653 |
_bHHUUEENN _cSeptember2019 |
||
| 655 | _vReading book | ||
| 942 |
_2ddc _cBB |
||